|
|
|
|
| LEADER |
01391nam a2200325 a 4500 |
| 001 |
AAL9699 |
| 003 |
BD-DhAAL |
| 005 |
20181002090546.0 |
| 008 |
180520s1993 bg a 000 0cbeno |
| 999 |
|
|
|c 39364
|d 39364
|
| 010 |
|
|
|a 93903084
|
| 020 |
|
|
|z 9844011370 :
|c Tk120.00
|
| 025 |
|
|
|a B-B-7747
|
| 040 |
|
|
|a DLC
|c DLC
|d DLC
|d BD-DhAAL
|
| 050 |
0 |
0 |
|a DS395.7.A2
|b H73 1993
|
| 082 |
|
|
|a 954.92
|
| 245 |
0 |
0 |
|a হৃদয়ে একাত্তর /
|c পান্না কায়সার সম্পাদিত
|
| 260 |
|
|
|a ঢাকা :
|b আগামী প্রকাশনী,
|c ১৯৯৩.
|
| 300 |
|
|
|a ১৯৭ পৃষ্ঠা :
|b চিত্র ;
|c ২২ সে. মি.
|
| 500 |
|
|
|a In Bengali.
|
| 520 |
|
|
|a Collective memoirs about the life of the martyred revolutionaries of the 1971 Bangladesh revolution.
|
| 541 |
|
|
|e 9699
|
| 650 |
|
0 |
|a Revolutionaries
|z Bangladesh
|v Biography.
|9 25895
|
| 650 |
|
0 |
|a Martyrs
|z Bangladesh
|v Biography.
|9 25896
|
| 651 |
|
0 |
|a Bangladesh
|x History
|y Revolution, 1971
|v Biography.
|9 25897
|
| 700 |
1 |
|
|a কায়সার, পান্না
|9 25898
|
| 740 |
0 |
|
|a Hr̥daẏe 71.
|
| 852 |
|
|
|a Savar Campus Library
|c General Stacks
|
| 942 |
|
|
|2 ddc
|c BK
|
| 952 |
|
|
|0 0
|1 0
|2 ddc
|4 0
|6 954_920000000000000_HRD
|7 0
|9 63346
|a SCL
|b SCL
|c GEN
|d 2018-05-20
|e Development Book Agency
|g 108.00
|l 0
|o 954.92 HRD
|p 3020009699
|r 2018-05-20
|t 1
|w 2018-05-20
|y BK
|